| 000 | 00328nam a22001337a 4500 | ||
|---|---|---|---|
| 082 |
_a320.0942 _bJEN |
||
| 100 |
_aEDWARD JENKS, M.A.,B.C.L. _949195 |
||
| 245 | _aTHE GOVERNMENT OF THE BRITISH EMPIRE | ||
| 250 | _a1918 | ||
| 300 | _a403 | ||
| 526 |
_a0 _b0 _c0 _d320_094200000000000_JEN |
||
| 650 |
_aMCE _9379 |
||
| 942 |
_2ddc _cBK |
||
| 999 |
_c552008 _d552008 |
||